| 000 | 00937cab a2200241 4500 | ||
|---|---|---|---|
| 001 | WB2921-17 | ||
| 008 | 090401t1993 xxu||||| |||| 00| 0 eng d | ||
| 035 | _a(Sirsi) u42755 | ||
| 041 | _aeng | ||
| 245 | _aRICS briefs MPs on indicators | ||
| 260 | _c1993 | ||
| 350 | _a0 | ||
| 490 |
_aRICS Press Release _v(PR108/93) 28 May 1993 (4) |
||
| 520 | _aPresident of the RICS, Christopher Jonas, addressed the Conservative Back Bench Finance Committee on key property indicators affecting the wider economy, and on other issues such as liquidity of investment finance; rented housing provision; infrastructure development as a catalyst for private sector funding; VAT on fuel, and leasehold reform. | ||
| 650 | _aECONOMY | ||
| 650 | _aJONAS CHRISTOPHER | ||
| 650 | _aPROPERTY INDICATORS | ||
| 690 | _aPROPERTY-COMMERCIAL PROPERTY | ||
| 690 | _aFINANCE AND INVESTMENT | ||
| 690 | _aHOUSING | ||
| 942 | _n0 | ||
| 948 | _c04/03/1997 | ||
| 999 |
_c27356 _d27356 |
||